| 000 | 00510 a2200217 4500 | ||
|---|---|---|---|
| 260 | _aNew-york. | ||
| 711 | _d3 - 5 July 1972 | ||
| 711 | _cRome-ITALY | ||
| 100 | _aMILNER, Max. | ||
| 260 | _bProtein Advisory Group of the United Nations System. | ||
| 245 | _aNutritional improvement of food legumes by breeding. | ||
| 300 | _a389p. | ||
| 260 | _c1973 | ||
| 130 | _lEn. | ||
| 710 | _aPAG. | ||
| 710 | _aFAO. | ||
| 711 | _aSymposium. | ||
| 690 | _aalimentation. | ||
| 999 |
_c27347 _d27347 |
||